Recent Trade Policy in Brazil

Salvato in:
Dettagli Bibliografici
Autore principale: Guimaraes, Edson Peterli
Natura: Libro
Lingua:inglese
Pubblicazione: Kiel Institut für Weltwirtschaft 1989
Serie:Kiel Working Paper No.389
Tags: Aggiungi Tag
Nessun Tag, puoi essere il primo ad aggiungerne!!

MARC

LEADER 00000nam a2200000 4500
001 c028424
005 20250521093042.6
041 0 |a eng 
044 |a DE 
245 1 0 |a Recent Trade Policy in Brazil  |c Edson Peterli Guimaraes 
264 1 |a Kiel  |b Institut für Weltwirtschaft  |c 1989 
300 |a 50 s. 
490 1 |a Kiel Working Paper  |v No.389 
830 0 |a Kiel Working Paper  |v No.389 
100 1 |a Guimaraes, Edson Peterli